[Event "Titled Tuesday intern op 18th Jul Early"]
[Site "Chess.com INT"]
[Date "2023.07.18"]
[Round "1"]
[White "Aizenberg, Benny"]
[Black "Otero Marino, Alain"]
[Result "1-0"]
[WhiteElo "2395"]
[BlackElo "2230"]
[PlyCount "73"]
[EventDate "2023.07.18"]
[EventType "swiss (blitz)"]
[EventRounds "11"]
[EventCountry "USA"]
[SourceTitle "EXT 2024"]
[Source "ChessBase"]
[SourceDate "2023.10.10"]
[SourceVersion "1"]
[SourceVersionDate "2023.10.10"]
[SourceQuality "1"]

1. c4 c5 2. Nf3 Nc6 3. g3 g6 4. Bg2 Bg7 5. 0-0 d6 6. Nc3 e6 7. e3 Nge7 8. d4 cxd4 9. exd4 0-0 10. d5 Ne5 11. Nxe5 Bxe5 12. Bh6 Re8 13. Qd2 a6 14. Rad1 Nf5 15. dxe6 Nxh6 16. e7 Qxe7 17. Qxh6 Be6 18. Nd5 Qd8 19. b3 Rc8 20. Rfe1 b5 21. cxb5 axb5 22. Qd2 Bxd5 23. Qxd5 Rc5 24. Qxc5 dxc5 25. Rxd8 Rxd8 26. Rxe5 Rd1+ 27. Bf1 c4 28. bxc4 bxc4 29. Rc5 Ra1 30. Rxc4 Rxa2 31. Rc7 Rd2 32. Bc4 Rd1+ 33. Kg2 Rd8 34. Rxf7 Kh8 35. Rc7 Rf8 36. h4 Rf6 37. Bd3 1-0

[Event "Titled Tuesday intern op 18th Jul Early"]
[Site "Chess.com INT"]
[Date "2023.07.18"]
[Round "10"]
[White "Anton Guijarro, David"]
[Black "Aizenberg, Benny"]
[Result "1-0"]
[WhiteElo "2691"]
[BlackElo "2395"]
[PlyCount "123"]
[EventDate "2023.07.18"]
[EventType "swiss (blitz)"]
[EventRounds "11"]
[EventCountry "USA"]
[SourceTitle "EXT 2024"]
[Source "ChessBase"]
[SourceDate "2023.10.10"]
[SourceVersion "1"]
[SourceVersionDate "2023.10.10"]
[SourceQuality "1"]

1. Nf3 c5 2. e3 Nf6 3. d4 e6 4. Bd3 Nc6 5. 0-0 d5 6. b3 Be7 7. Bb2 0-0 8. Nbd2 b6 9. dxc5 bxc5 10. e4 Rb8 11. Re1 d4 12. e5 Nd7 13. Qe2 Qc7 14. Qe4 g6 15. Nc4 f5 16. exf6 Nxf6 17. Qe2 Nd5 18. Bc1 Nf4 19. Bxf4 Qxf4 20. Be4 Nd8 21. Nfe5 Qf6 22. Rad1 Nf7 23. Nc6 Rb7 24. Rd3 Ng5 25. Rf1 Rc7 26. N6e5 Nxe4 27. Qxe4 Bb7 28. Qg4 Bd5 29. f3 Qf5 30. Re1 Qxg4 31. Nxg4 Kg7 32. Nge5 Rf5 33. Rd2 Bg5 34. Rde2 Bf4 35. Nd3 Bxc4 36. Nxf4 Rxf4 37. bxc4 Rc6 38. Rxe6 Rxe6 39. Rxe6 Rf5 40. Ra6 Rf7 41. Kf2 Rb7 42. Ke2 Kf7 43. Rc6 Rb2 44. Kd3 Rxa2 45. Rxc5 a5 46. Rc7+ Kf6 47. Rxh7 a4 48. Ra7 Ke5 49. h4 Ra3+ 50. Kd2 Ra1 51. Ra5+ Kf4 52. c5 Ke5 53. c6+ Kd6 54. Ra6 Kc7 55. Kd3 Rd1+ 56. Kc4 Rd2 57. Kd5 Rxc2 58. Ra7+ Kb6 59. Rxa4 Rc5+ 60. Kxd4 Rxc6 61. Rb4+ Kc7 62. Rc4 1-0

[Event "Titled Tuesday intern op 11th Jul Late"]
[Site "Chess.com INT"]
[Date "2023.07.11"]
[Round "8"]
[White "Aizenberg, Benny"]
[Black "Makarian, Rudik"]
[Result "0-1"]
[WhiteElo "2395"]
[BlackElo "2541"]
[PlyCount "76"]
[EventDate "2023.07.11"]
[EventType "swiss (blitz)"]
[EventRounds "11"]
[EventCountry "USA"]
[SourceTitle "EXT 2024"]
[Source "ChessBase"]
[SourceDate "2023.10.10"]
[SourceVersion "1"]
[SourceVersionDate "2023.10.10"]
[SourceQuality "1"]

1. f4 d5 2. Nf3 Bg4 3. d3 Bxf3 4. gxf3 d4 5. c3 c5 6. Nd2 Nc6 7. Ne4 e6 8. h4 Nf6 9. Qb3 Qd7 10. Nxf6+ gxf6 11. Bd2 f5 12. 0-0-0 Bg7 13. c4 Bf6 14. h5 Ke7 15. Bh3 b6 16. Rdg1 Rhg8 17. Qd1 a6 18. Rxg8 Rxg8 19. Rg1 Rb8 20. Qc2 Qd6 21. Kb1 Kd7 22. Qa4 Ra8 23. a3 Kc7 24. b4 Kb7 25. bxc5 Qxc5 26. Ka2 Ka7 27. Qb3 Qd6 28. Rb1 Rb8 29. a4 Be7 30. e4 dxe3 31. Bxe3 Nb4+ 32. Kb2 Bf6+ 33. Kc1 a5 34. Bf1 Bd4 35. Bd2 Bc5 36. Bxb4 Bxb4 37. Kc2 Qxf4 38. Qb2 Qxf3 0-1

[Event "Titled Tuesday intern op 11th Jul Late"]
[Site "Chess.com INT"]
[Date "2023.07.11"]
[Round "6"]
[White "Aizenberg, Benny"]
[Black "Tifferet, Shaked"]
[Result "1-0"]
[WhiteElo "2395"]
[BlackElo "2279"]
[PlyCount "109"]
[EventDate "2023.07.11"]
[EventType "swiss (blitz)"]
[EventRounds "11"]
[EventCountry "USA"]
[SourceTitle "EXT 2024"]
[Source "ChessBase"]
[SourceDate "2023.10.10"]
[SourceVersion "1"]
[SourceVersionDate "2023.10.10"]
[SourceQuality "1"]

1. f4 g6 2. e4 Bg7 3. Nf3 c5 4. Be2 d5 5. e5 Nc6 6. 0-0 Bg4 7. c3 e6 8. h3 Bxf3 9. Bxf3 Nge7 10. d3 Qb6 11. Qc2 g5 12. g3 Nf5 13. Qf2 h5 14. Re1 0-0-0 15. a4 gxf4 16. Bxf4 Bh6 17. Bxh6 Rxh6 18. Kh2 Rg8 19. Bxd5 Rxg3 20. Bh1 Rxd3 21. Na3 Qc7 22. Nb5 Qe7 23. Rad1 Rxd1 24. Rxd1 Nxe5 25. Qf4 Nc6 26. Nd6+ Nxd6 27. Qxh6 Ne5 28. Qxh5 Ng6 29. Qf3 Kc7 30. b4 Nh4 31. Qg3 Nhf5 32. Qe5 c4 33. Qc5+ Kd7 34. Qb5+ Kc8 35. Qc5+ Kd7 36. Bxb7 Qh4 37. Qc6+ Ke7 38. Qc7+ Kf8 39. Bg2 Qf4+ 40. Kg1 Qe3+ 41. Kh1 Ng3+ 42. Kh2 Ndf5 43. Qd8+ Kg7 44. h4 Qf2 45. Qg5+ Kh7 46. Kh3 Ne2 47. Qh5+ Kg7 48. Qg4+ Kh7 49. Rf1 Qe3+ 50. Rf3 Ng1+ 51. Kh2 Nxf3+ 52. Qxf3 Qe5+ 53. Kh3 Kg7 54. Qg4+ Kf6 55. Qg5# 1-0